UK property market overview Q2 2006 (Record no. 105963)
[ view plain ]
| 000 -LEADER | |
|---|---|
| fixed length control field | 00922cab a2200229 4500 |
| 001 - CONTROL NUMBER | |
| control field | ##L135245 |
| 008 - FIXED-LENGTH DATA ELEMENTS--GENERAL INFORMATION | |
| fixed length control field | 061006n2006 000 0 eng u |
| 035 ## - SYSTEM CONTROL NUMBER | |
| System control number | (Sirsi) u135245 |
| 041 0# - LANGUAGE CODE | |
| Language code of text/sound track or separate title | eng |
| 050 04 - LIBRARY OF CONGRESS CALL NUMBER | |
| Classification number | 333.33 $2 18 |
| 110 2# - MAIN ENTRY--CORPORATE NAME | |
| Corporate name or jurisdiction name as entry element | DTZ Research |
| 9 (RLIN) | 3886 |
| 245 00 - TITLE STATEMENT | |
| Title | UK property market overview Q2 2006 |
| 260 ## - PUBLICATION, DISTRIBUTION, ETC. | |
| Place of publication, distribution, etc. | London |
| Name of publisher, distributor, etc. | DTZ |
| Date of publication, distribution, etc. | 2006 |
| 490 #0 - SERIES STATEMENT | |
| Series statement | DTZ UK Property Market Overview |
| Volume/sequential designation | Second Quarter 2006 |
| 520 ## - SUMMARY, ETC. | |
| Summary, etc. | Provides information on developments in the commercial property market, as well as the property investment market in the UK in the first quarter of 2006. Discusses total returns and rental growth for each sector. |
| 590 ## - LOCAL NOTE (RLIN) | |
| Local note | IKA171006 |
| 650 24 - SUBJECT ADDED ENTRY--TOPICAL TERM | |
| Topical term or geographic name entry element | DTZ UK PROPERTY MARKET OVERVIEW |
| 651 #4 - SUBJECT ADDED ENTRY--GEOGRAPHIC NAME | |
| Geographic name | United Kingdom |
| Chronological subdivision | |
| 690 ## - LOCAL SUBJECT ADDED ENTRY--TOPICAL TERM (OCLC, RLIN) | |
| Topical term or geographic name as entry element | PROPERTY-COMMERCIAL PROPERTY-COMMERCIAL PROPERTY MARKET |
| 856 40 - ELECTRONIC LOCATION AND ACCESS | |
| Uniform Resource Identifier | <a href="https://www.dtz.com">https://www.dtz.com</a> |
| Public note | View the report for a charge of £375 at www.dtz.com... |
| 942 ## - ADDED ENTRY ELEMENTS (KOHA) | |
| Suppress in OPAC | 0 |
| Withdrawn status | Lost status | Source of classification or shelving scheme | Damaged status | Not for loan | Home library | Current library | Shelving location | Date acquired | Total Checkouts | Full call number | Barcode | Date last seen | Copy number | Price effective from | Koha item type |
|---|---|---|---|---|---|---|---|---|---|---|---|---|---|---|---|
| Dewey Decimal Classification | Virtual | Virtual | Online | 06/10/2006 | ONLINE PUBLICATION | 135245-1001 | 06/08/2019 | 1 | 06/08/2019 | Book |